000 00528nam a2200097Ia 4500
008 170517s9999 xx 000 0 und d
245 4 _aThe Fluoride Deception
300 _aHailed as a harmless chemical that would prevent tooth decay, new evidence shows how fluoride could be linked to serious health problems. Fluoridation was first advanced in the US at the end of the second World War. Proponents argued that fluoride in water and...
650 _xTechnology.
856 _uhttp://topdocumentaryfilms.com/the-fluoride-deception/
999 _c335109
_d335109